[Event "Red Bull Chess Masters 2018"]
[Site "Istanbul"]
[Date "2018.10.20"]
[Round "2.2"]
[White "Degirmenci, Yagiz"]
[Black "Atas, Yunus"]
[Result "1/2-1/2"]
[WhiteElo "1881"]
[BlackElo "1921"]
[Annotator "NA"]
[PlyCount "150"]
[EventDate "2018.10.19"]
[EventType "team-tourn"]
[EventCountry "TUR"]
[SourceTitle "playchess.com"]
[Source "ChessBase"]
[SourceQuality "1"]
[TimeControl "600+5"]

1. d4 {[%emt 0:00:05]} Nf6 {[%emt 0:00:05]} 2. Nf3 {[%emt 0:00:00]} d5 {[%emt 0:00:10]} 3. c4 {[%emt 0:00:05]} c6 {[%emt 0:00:05]} 4. e3 {[%emt 0:00:05]} e6 {[%emt 0:00:13]} 5. b3 {[%emt 0:00:00]} Bd6 {[%emt 0:00:05]} 6. Bd3 {[%emt 0:00:04]} Nbd7 {[%emt 0:00:02]} 7. Bb2 {[%emt 0:00:18]} O-O {[%emt 0:00:07]} 8. O-O {[%emt 0:00:09]} Re8 {[%emt 0:00:04]} 9. Nc3 {[%emt 0:00:15]} e5 {[%emt 0:00:19]} 10. dxe5 {[%emt 0:00:16] D46: Semi-Slav: 5 e3 Nbd7 6 Bd3, Black avoids the Meran} Nxe5 {[%emt 0:00:04]} 11. cxd5 {[%emt 0:00:15]} cxd5 {[%emt 0:00:13]} 12. Be2 {[%emt 0:00:12]} Bf5 {[%emt 0:01:02]} 13. Nxd5 {[%emt 0:00:46]} Rc8 $146 {[%emt 0:00:49]} ({Predecessor:} 13... Be4 14. Nc3 Bc6 15. Nd4 Qe7 16. Nf5 {1-0 (16) Stern,R (2506)-Damm,H (1831) Berlin 2010}) 14. Nxf6+ {[%emt 0:00:53]} Qxf6 {[%emt 0:00:03]} 15. Nxe5 {[%emt 0:00:14]} Bxe5 {[%emt 0:00:06]} 16. Bxe5 {[%emt 0:00:12]} Qxe5 {[%emt 0:00:03]} 17. Bc4 {[%emt 0:00:24]} Red8 {[%emt 0:00:09]} 18. Qf3 {[%emt 0:00:02]} b5 {[%emt 0:00:14]} 19. Be2 {[%emt 0:00:27]} Rd2 {[%emt 0:00:45]} 20. Rfe1 {[%emt 0:01:15]} Be4 {[%emt 0:00:14]} 21. Qg3 {[%emt 0:00:23]} Qxg3 {[%emt 0:00:10]} 22. hxg3 {[%emt 0:00:24]} Rcc2 {[%emt 0:00:01]} 23. Rad1 {[%emt 0:00:22]} b4 {[%emt 0:00:22]} 24. Bc4 {[%emt 0:00:22]} Rxa2 {[%emt 0:01:29]} 25. Rxd2 {[%emt 0:00:05]} Rxd2 {[%emt 0:00:05]} 26. Ra1 {[%emt 0:00:00]} Rd7 {[%emt 0:00:28]} 27. Ra5 {[%emt 0:00:01]} g6 {[%emt 0:00:32]} 28. Re5 {[%emt 0:00:11]} Bd3 {[%emt 0:00:26]} 29. Rb5 {[%emt 0:00:30]} Bxc4 {[%emt 0:01:12]} 30. bxc4 {[%emt 0:00:05]} Rd1+ {[%emt 0:00:05]} 31. Kh2 {[%emt 0:00:00]} Rd2 {[%emt 0:00:36]} 32. f3 {[%emt 0:00:39]} Rd3 {[%emt 0:00:18]} 33. Rxb4 {[%emt 0:00:17]} Rxe3 {[%emt 0:00:02]} 34. Ra4 {[%emt 0:00:23]} Re7 {[%emt 0:00:04]} 35. c5 {[%emt 0:00:41]} Rc7 {[%emt 0:00:13]} 36. Kh3 {[%emt 0:00:12]} f6 {[%emt 0:00:02]} 37. Kg4 {[%emt 0:00:06]} Kf7 {[%emt 0:00:06]} 38. Kf4 {[%emt 0:00:05]} Ke6 {[%emt 0:00:05]} 39. Ke4 {[%emt 0:00:01]} Rxc5 {[%emt 0:00:29]} 40. Rxa7 {[%emt 0:00:06]} Re5+ {[%emt 0:00:23]} 41. Kd3 {[%emt 0:00:13]} h5 {[%emt 0:00:09]} 42. Ra6+ {[%emt 0:00:56]} Kf5 {[%emt 0:00:02]} 43. f4 {[%emt 0:00:12]} Re1 {[%emt 0:00:23]} 44. Rb6 {[%emt 0:00:19]} Rg1 {[%emt 0:00:30]} 45. Ke3 {[%emt 0:00:01]} Rxg2 {[%emt 0:00:03]} 46. Kf3 {[%emt 0:00:03]} Rd2 {[%emt 0:00:19]} 47. Rb5+ {[%emt 0:00:08]} Ke6 {[%emt 0:00:05]} 48. Ra5 {[%emt 0:00:05]} Rd3+ {[%emt 0:00:05]} 49. Kf2 {[%emt 0:00:13]} Rb3 {[%emt 0:00:15]} 50. Kg2 {[%emt 0:00:05]} Kf7 {[%emt 0:00:03]} 51. Kf2 {[%emt 0:00:19]} h4 {[%emt 0:00:01]} 52. gxh4 {[%emt 0:00:24]} Rh3 {[%emt 0:00:05]} 53. f5 {[%emt 0:00:05]} Rxh4 {[%emt 0:00:05]} 54. Ra7+ {[%emt 0:00:05]} Kg8 {[%emt 0:00:15]} 55. fxg6 {[%emt 0:00:17]} Rg4 {[%emt 0:00:01]} 56. Kf3 {[%emt 0:00:15]} Rxg6 {[%emt 0:00:05]} 57. Kf4 {[%emt 0:00:05]} Rg5 {[%emt 0:00:05]} 58. Rb7 {[%emt 0:00:00]} Re5 {[%emt 0:00:04]} 59. Ra7 {[%emt 0:00:00]} Kf8 {[%emt 0:00:00]} 60. Rb7 {[%emt 0:00:20]} Ke8 {[%emt 0:00:00]} 61. Ra7 $11 {[%emt 0:00:00]} Re7 {[%emt 0:00:13]} 62. Rxe7+ {[%emt 0:00:05]} Kxe7 {[%emt 0:00:01]} 63. Kf5 {[%emt 0:00:00]} Kf7 {[%emt 0:00:01]} 64. Kf4 {[%emt 0:00:00]} Ke6 {[%emt 0:00:01]} 65. Ke4 {[%emt 0:00:00]} f5+ {[%emt 0:00:05]} 66. Kf4 {[%emt 0:00:05]} Kf6 {[%emt 0:00:00]} 67. Kf3 {[%emt 0:00:00]} Ke5 {[%emt 0:00:00]} 68. Ke3 {[%emt 0:00:00]} f4+ {[%emt 0:00:00]} 69. Kf3 {[%emt 0:00:04]} Kf5 {[%emt 0:00:03]} 70. Kf2 {[%emt 0:00:00]} Ke4 {[%emt 0:00:00]} 71. Ke2 {[%emt 0:00:02]} f3+ {[%emt 0:00:00]} 72. Kf1 {[%emt 0:00:04]} Kf5 {[%emt 0:00:07]} 73. Kf2 {[%emt 0:00:02]} Kg4 {[%emt 0:00:00]} 74. Kf1 {[%emt 0:00:09]} Kf4 {[%emt 0:00:01]} 75. Kf2 {[%emt 0:00:00]} Ke4 {[%emt 0:00:01]} 1/2-1/2

[Event "Red Bull Chess Masters 2018"]
[Site "Istanbul"]
[Date "2018.10.20"]
[Round "2.2"]
[White "Dai, Irmak"]
[Black "Eraslan, Ecem"]
[Result "0-1"]
[WhiteElo "1854"]
[BlackElo "1290"]
[Annotator "NA RC"]
[PlyCount "58"]
[EventDate "2018.10.19"]
[EventType "team-tourn"]
[EventCountry "TUR"]
[SourceTitle "playchess.com"]
[Source "ChessBase"]
[SourceQuality "1"]
[TimeControl "600+5"]

1. e4 {[%emt 0:00:07]} e6 {[%emt 0:00:05]} 2. d4 {[%emt 0:00:05]} d5 {[%emt 0:00:05]} 3. Nd2 {[%emt 0:00:05]} Nf6 {[%emt 0:00:05]} 4. e5 {[%emt 0:00:05]} Nfd7 {[%emt 0:00:05]} 5. Bd3 {[%emt 0:00:05]} c5 {[%emt 0:00:05]} 6. c3 {[%emt 0:00:00]} Nc6 {[%emt 0:00:00]} 7. Ne2 {[%emt 0:00:00]} cxd4 {[%emt 0:00:00]} 8. cxd4 {[%emt 0:00:00]} f6 {[%emt 0:00:02]} 9. exf6 {[%emt 0:00:00]} Nxf6 {[%emt 0:00:05]} 10. O-O {[%emt 0:00:00]} Bd6 {[%emt 0:00:05]} 11. Nf3 {[%emt 0:00:05]} Qc7 {[%emt 0:00:00]} 12. h3 {[%emt 0:00:37]} O-O {[%emt 0:00:07]} 13. Bd2 {[%emt 0:02:15]} Bd7 {[%emt 0:00:11]} 14. Rc1 {[%emt 0:00:08]} Nh5 {[%emt 0:01:36]} 15. Qc2 {[%emt 0:00:35]} h6 {[%emt 0:00:12]} 16. Bh7+ {[%emt 0:01:49]} Kh8 {[%emt 0:00:16]} 17. Nh4 {[%emt 0:00:00]} Be8 {[%emt 0:00:20]} 18. Bg6 {[%emt 0:00:47]} Rf6 {[%emt 0:00:27]} 19. Bxe8 {[%emt 0:00:05]} Rxe8 {[%emt 0:00:08]} 20. Ng6+ {[%emt 0:01:17]} Kg8 {[%emt 0:00:04]} 21. g4 {[%emt 0:00:15]} Nxd4 {[%emt 0:01:52]} 22. Qxc7 {[%emt 0:01:11]} Nxe2+ {[%emt 0:00:12]} 23. Kh1 {[%emt 0:01:29]} Bxc7 {[%emt 0:00:29]} 24. Rxc7 {[%emt 0:00:52]} Nhg3+ {[%emt 0:00:26]} 25. Kg2 {[%emt 0:00:06]} Nxf1 {[%emt 0:00:14]} 26. Kxf1 {[%emt 0:00:05]} Ng3+ {[%emt 0:00:19]} 27. Kg2 {[%emt 0:00:05]} Rxg6 {[%emt 0:00:46]} 28. Kxg3 {[%emt 0:00:02]} e5 {[%emt 0:00:18]} 29. Rxb7 {[%emt 0:00:06]} Rb6 {[%emt 0:00:34]} 0-1

[Event "Red Bull Chess Masters 2018"]
[Site "Istanbul"]
[Date "2018.10.20"]
[Round "2.2"]
[White "Yarar, Muammer Atakan"]
[Black "Aydincelebi, Kagan"]
[Result "0-1"]
[WhiteElo "1784"]
[BlackElo "2193"]
[Annotator "TA"]
[PlyCount "84"]
[EventDate "2018.10.19"]
[EventType "team-tourn"]
[EventCountry "TUR"]
[SourceTitle "playchess.com"]
[Source "ChessBase"]
[SourceQuality "1"]

{[%evp 19,84,75,97,76,96,52,47,0,8,17,5,0,0,-18,0,0,0,0,10,0,43,0,9,-60,-43,-106,-99,-115,-108,-129,-129,-231,-231,-218,-226,-311,-275,-522,-522,-509,-514,-744,-512,-665,-620,-1716,-1635,-1904,-1814,-29948,-6656,-6303,-5085,-5618,-5523,-29984,-29985,-29985,-29986,-29986,-29985,-29983,-29969,-29987,-29988,-29989,-29990]} 1. d4 Nf6 2. c4 c5 3. Nf3 g6 4. Nc3 Bg7 5. d5 d6 6. e4 O-O 7. h3 Na6 8. Bd3 Nc7 9. O-O a6 10. a4 Rb8 11. a5 {E90: King's Indian: Classical: Early deviations and 6 h3} e5 $146 ({Predecessor:} 11... b5 12. axb6 Rxb6 13. Ra2 e6 14. Bf4 Re8 15. Re1 exd5 16. exd5 Rxe1+ 17. Qxe1 Bd7 18. Bh2 Qe8 {½-½ (54) Gavrilov,A (2478)-Chadaev,N (2577) Moscow 2011}) 12. dxe6 Nxe6 13. Nd5 {White is slightly better.} Nxd5 14. exd5 Nd4 15. Nxd4 Bxd4 16. Qc2 Qh4 17. Be3 Bxe3 18. fxe3 Re8 19. Rf3 Bd7 20. Raf1 f5 21. Qf2 (21. b3 $11) 21... Qxf2+ $15 22. Kxf2 {[#]} (22. R1xf2 $15 b6 23. axb6) 22... b6 $1 $17 23. axb6 Rxb6 24. Rb1 Reb8 25. e4 (25. Ra1 $17) 25... Rxb2+ $19 26. Rxb2 Rxb2+ {[%mdl 4096] Endgame KRB-KRB} 27. Kg3 {[%cal Re4f5]} Rb3 28. Kf4 $2 {[#]} (28. exf5 {was forced.} Bxf5 29. Be2 Rxf3+ 30. Kxf3) 28... fxe4 29. Bxe4 Rxf3+ 30. Kxf3 {KB-KB} Kg7 31. g4 Kf6 32. h4 h6 {[%cal Bh7h6,Bh6g5][%mdl 32]} 33. Kf4 g5+ 34. hxg5+ hxg5+ 35. Kf3 Ke5 36. Bb1 Kd4 37. Ba2 a5 {[%cal Ba6a5,Ba5a4][%mdl 32] Black mates.} 38. Bb3 a4 39. Ba2 a3 40. Kf2 Bxg4 41. Kg3 Bf5 42. Kf3 Kc3 {Precision: White =  9%, Black = 78%.} 0-1

[Event "Red Bull Chess Masters 2018"]
[Site "Istanbul"]
[Date "2018.10.20"]
[Round "2.2"]
[White "Sahin, Hayrun Nisa"]
[Black "Sural, Ceren"]
[Result "1/2-1/2"]
[WhiteElo "1708"]
[BlackElo "1662"]
[Annotator "NA"]
[PlyCount "157"]
[EventDate "2018.10.19"]
[EventType "team-tourn"]
[EventCountry "TUR"]
[SourceTitle "playchess.com"]
[Source "ChessBase"]
[SourceQuality "1"]
[TimeControl "600+5"]

1. e4 {[%emt 0:00:05]} d5 {[%emt 0:00:05]} 2. exd5 {[%emt 0:00:05]} Qxd5 {[%emt 0:00:05]} 3. Nc3 {[%emt 0:00:05]} Qd8 {[%emt 0:00:05]} 4. Nf3 {[%emt 0:00:05]} Nf6 {[%emt 0:00:05]} 5. Bc4 {[%emt 0:00:05]} e6 {[%emt 0:00:05]} 6. d4 {[%emt 0:00:05]} c6 {[%emt 0:00:05]} 7. Be3 {[%emt 0:00:05]} Be7 {[%emt 0:00:00]} 8. Qd2 {[%emt 0:00:13]} Nbd7 {[%emt 0:00:04]} 9. h3 {[%emt 0:00:07]} Nb6 {[%emt 0:00:24]} 10. Bb3 {[%emt 0:00:01]} Nfd5 {[%emt 0:00:16]} 11. Nxd5 {[%emt 0:00:05]} cxd5 {[%emt 0:00:00]} 12. O-O {[%emt 0:00:20]} Bd7 {[%emt 0:00:13]} 13. Rac1 {[%emt 0:00:16]} O-O {[%emt 0:00:09]} 14. Ne5 {[%emt 0:00:15]} Bb5 {[%emt 0:00:12]} 15. Rfd1 {[%emt 0:00:54]} Nc4 {[%emt 0:00:05]} 16. Bxc4 {[%emt 0:00:20]} dxc4 {[%emt 0:00:07]} 17. d5 {[%emt 0:02:33]} Bf6 {[%emt 0:00:57]} 18. Bf4 {[%emt 0:00:40]} exd5 {[%emt 0:00:40]} 19. Qxd5 {[%emt 0:00:15]} Qxd5 {[%emt 0:00:38]} 20. Rxd5 {[%emt 0:00:02]} Bxe5 {[%emt 0:01:01]} 21. Rxe5 {[%emt 0:00:50]} Ba6 {[%emt 0:00:16]} 22. Rce1 {[%emt 0:00:09]} Rac8 {[%emt 0:00:20]} 23. c3 {[%emt 0:00:19]} Rfd8 {[%emt 0:00:13]} 24. Be3 {[%emt 0:00:00]} Ra8 {[%emt 0:00:14]} 25. Bd4 {[%emt 0:00:03]} b6 {[%emt 0:00:32]} 26. Re7 {[%emt 0:00:17]} Bc8 {[%emt 0:00:06]} 27. R7e3 {[%emt 0:00:51]} Be6 {[%emt 0:00:05]} 28. f4 {[%emt 0:00:12]} Bd5 {[%emt 0:00:28]} 29. Rg3 {[%emt 0:00:09]} g6 {[%emt 0:00:04]} 30. Rg5 {[%emt 0:00:11]} Bc6 {[%emt 0:00:00]} 31. Rge5 {[%emt 0:00:39]} Re8 {[%emt 0:00:22]} 32. Kf2 {[%emt 0:00:16]} Rxe5 {[%emt 0:00:05]} 33. Bxe5 {[%emt 0:00:15]} Rd8 {[%emt 0:00:13]} 34. Bd4 {[%emt 0:00:05]} Re8 {[%emt 0:00:05]} 35. Be5 {[%emt 0:00:05]} Rd8 {[%emt 0:00:00]} 36. Bd4 {[%emt 0:00:18]} Re8 {[%emt 0:00:25]} 37. Be5 {[%emt 0:00:22]} Rd8 {[%emt 0:00:59]} 38. Bd4 {[%emt 0:00:01]} Kf8 {[%emt 0:00:20]} 39. g3 {[%emt 0:00:10]} Re8 {[%emt 0:00:20]} 40. Be5 {[%emt 0:00:25]} Kg8 {[%emt 0:00:21]} 41. Re3 {[%emt 0:00:13]} Rd8 {[%emt 0:00:08]} 42. Bd4 {[%emt 0:00:01]} Re8 {[%emt 0:00:09]} 43. Be5 {[%emt 0:00:05]} Rd8 {[%emt 0:00:05]} 44. Bd4 {[%emt 0:00:05]} Re8 {[%emt 0:00:05]} 45. Rxe8+ {[%emt 0:00:05]} Bxe8 {[%emt 0:00:05]} 46. Be5 {[%emt 0:00:05]} a6 {[%emt 0:00:05]} 47. Ke3 {[%emt 0:00:05]} b5 {[%emt 0:00:05]} 48. Kd4 {[%emt 0:00:05]} Bc6 {[%emt 0:00:00]} 49. Kc5 {[%emt 0:00:00]} Bg2 {[%emt 0:00:28]} 50. h4 {[%emt 0:00:00]} Kf8 {[%emt 0:00:07]} 51. Bf6 {[%emt 0:00:00]} Ke8 {[%emt 0:00:03]} 52. Kb6 {[%emt 0:00:06]} Kd7 {[%emt 0:00:03]} 53. Kxa6 {[%emt 0:00:04]} Kc6 {[%emt 0:00:05]} 54. Bd4 {[%emt 0:00:00]} Be4 {[%emt 0:00:09]} 55. Ka5 {[%emt 0:00:11]} Bc2 {[%emt 0:00:05]} 56. Kb4 {[%emt 0:00:05]} Bb1 {[%emt 0:00:06]} 57. Ka3 {[%emt 0:00:02]} Bc2 {[%emt 0:00:07]} 58. b3 {[%emt 0:00:04]} cxb3 {[%emt 0:00:05]} 59. axb3 {[%emt 0:00:05]} Bd3 {[%emt 0:00:05]} 60. Kb4 {[%emt 0:00:05]} Be2 {[%emt 0:00:05]} 61. c4 {[%emt 0:00:05]} bxc4 {[%emt 0:00:05]} 62. bxc4 {[%emt 0:00:05]} Bd3 {[%emt 0:00:05]} 63. Kc3 {[%emt 0:00:05]} Bf5 {[%emt 0:00:05]} 64. Ba7 {[%emt 0:00:00]} Be6 {[%emt 0:00:05]} 65. Kd4 {[%emt 0:00:00]} f6 {[%emt 0:00:05]} 66. Bc5 {[%emt 0:00:00]} Kd7 {[%emt 0:00:05]} 67. Bf8 {[%emt 0:00:00]} Bf7 {[%emt 0:00:34]} 68. Kc5 {[%emt 0:00:00]} Ke6 {[%emt 0:00:22]} 69. Kd4 {[%emt 0:01:13]} Kf5 {[%emt 0:00:12]} 70. Bg7 {[%emt 0:00:12]} g5 {[%emt 0:00:39]} 71. hxg5 {[%emt 0:00:06]} fxg5 {[%emt 0:00:00]} 72. fxg5 {[%emt 0:00:02]} Kxg5 {[%emt 0:00:01]} 73. c5 {[%emt 0:00:05]} Be6 {[%emt 0:00:05]} 74. Be5 {[%emt 0:00:05]} h5 {[%emt 0:00:05]} 75. c6 {[%emt 0:00:01]} Kg4 {[%emt 0:00:13]} 76. Kc5 {[%emt 0:00:03]} h4 {[%emt 0:00:08]} 77. gxh4 {[%emt 0:00:01]} Kxh4 {[%emt 0:00:02]} 78. Kd6 {[%emt 0:00:05]} Bg4 {[%emt 0:00:02]} 79. Kd5 {[%emt 0:00:04]} 1/2-1/2

[Event "Red Bull Chess Masters 2018"]
[Site "Istanbul"]
[Date "2018.10.20"]
[Round "3.1"]
[White "Gokerkan, Cem Kaan"]
[Black "Aliakbarov, Anar"]
[Result "1-0"]
[WhiteElo "2420"]
[BlackElo "2281"]
[Annotator "TA"]
[PlyCount "67"]
[EventDate "2018.10.19"]
[EventType "team-tourn"]
[EventCountry "TUR"]
[SourceTitle "playchess.com"]
[Source "ChessBase"]
[SourceQuality "1"]

{[%evp 14,67,42,44,89,84,135,112,94,98,97,104,126,87,106,15,14,2,30,23,51,42,45,35,55,34,66,20,140,70,79,81,126,125,106,90,87,88,88,29,80,87,81,67,93,75,87,69,72,22,20,23,963,962,956,908]} 1. e4 e5 2. Nc3 Nf6 3. g3 d5 4. exd5 Nxd5 5. Bg2 Be6 6. Nf3 Nc6 7. O-O Be7 8. Re1 {LiveBook: 15 Partien. C47: Schottisches Vierspringerspiel} Qd6 (8... Bf6 9. Nxd5 Bxd5 10. d4 Bxf3 11. Bxf3 O-O 12. d5 Nd4 13. Bg2 g6 14. c3 Nf5 15. Qb3 Rb8 {1-0 (36) Safarli,E (2691)-Turner,M (2523) London 2016}) 9. d4 $146 ({Vorgänger:} 9. Ne4 Qd8 10. d3 h6 11. Ned2 Bd6 12. Nc4 Qf6 13. Qe2 O-O-O 14. Nfxe5 Nxe5 15. Nxe5 Bc5 {1-0 (28) Golovchanov,A (2090)-Ioffe,E (2029) Voronezh 2013}) 9... exd4 (9... Nxc3 $142 10. bxc3 f6) 10. Nxd4 {Weiß steht deutlich besser.} Nxc3 11. bxc3 Nxd4 12. cxd4 {Droht stark d5.} c6 13. Bf4 Qd7 14. Qd3 (14. c4 $1 $16 {Und d5 würde nun gewinnen.} Bxc4 15. Rc1) 14... O-O $11 15. c4 {[%cal Bc2c4,Bc4d5][%mdl 32]} Bf6 16. Rad1 Rad8 {[%cal Rf6d4]} 17. d5 $36 {[%mdl 2048] Schwarz steht unter Druck.} cxd5 18. cxd5 Bg4 19. Rc1 Rc8 20. d6 Be6 (20... g5 $11 21. Bd2 h6) 21. Bd5 (21. Be4 $16) 21... Bxd5 $14 22. Qxd5 Rc6 23. h4 {[%cal Bh2h4,Bh4h5][%mdl 32]} h6 24. h5 Rfc8 25. Rxc6 Rxc6 26. Qe4 (26. Qa5 $16) 26... Rc8 (26... Rc5 $1 $11) 27. Kg2 $16 b5 28. Qd5 b4 29. Re4 Rb8 30. Rc4 {zielt auf Tc7 ab.} Bd8 $1 31. Qc6 Qxc6+ 32. Rxc6 Rb7 $2 {[%mdl 8192]} (32... a5 $11) 33. Rc8 $18 Rd7 {[#]} 34. Rc7 $1 {[%mdl 512] Precision: Weiß = 55%, Schwarz = 44%.} 1-0

[Event "Red Bull Chess Masters 2018"]
[Site "Istanbul"]
[Date "2018.10.20"]
[Round "3.1"]
[White "Ozen, Bahadir"]
[Black "Tasdogen, Dincer"]
[Result "0-1"]
[WhiteElo "2349"]
[BlackElo "2310"]
[Annotator "NA"]
[PlyCount "136"]
[EventDate "2018.10.19"]
[EventType "team-tourn"]
[EventCountry "TUR"]
[SourceTitle "playchess.com"]
[Source "ChessBase"]
[SourceQuality "1"]
[TimeControl "600+5"]

1. d4 {[%emt 0:00:09]} d6 {[%emt 0:00:05]} 2. Nf3 {[%emt 0:00:05]} g6 {[%emt 0:00:05]} 3. e4 {[%emt 0:00:05]} Bg7 {[%emt 0:00:05]} 4. Nc3 {[%emt 0:00:02]} Nf6 {[%emt 0:00:03]} 5. Be2 {[%emt 0:00:05]} O-O {[%emt 0:00:05]} 6. O-O {[%emt 0:00:02]} Bg4 {[%emt 0:01:24]} 7. Be3 {[%emt 0:00:45]} Nc6 {[%emt 0:00:26]} 8. h3 {[%emt 0:02:05]} Bxf3 {[%emt 0:00:05]} 9. Bxf3 {[%emt 0:00:05]} e5 {[%emt 0:00:05]} 10. d5 {[%emt 0:00:13]} Ne7 {[%emt 0:00:26]} 11. Qd3 {[%emt 0:00:11] B08: Pirc Defence: Classical System} (11. Nb5 a6 12. Na3 Nd7 13. c4 f5 14. Rc1 Kh8 15. b4 a5 16. c5 axb4 17. cxd6 cxd6 18. Nb5 fxe4 {0-1 (34) Hansen,E (2629)-Carlsen,M (2834) chess.com INT 2018}) 11... Nd7 {[%emt 0:00:04]} 12. Qb5 {[%emt 0:00:24]} Qc8 {[%emt 0:03:23]} 13. Bg5 {[%emt 0:01:25]} Bf6 {[%emt 0:00:47]} 14. Bh6 {[%emt 0:00:05]} Bg7 {[%emt 0:00:05]} 15. Bg5 {[%emt 0:00:05]} Bf6 {[%emt 0:00:00]} 16. Be3 {[%emt 0:00:48]} Bg7 {[%emt 0:00:02]} 17. Qc4 {[%emt 0:00:01]} a6 {[%emt 0:01:37]} 18. a4 {[%emt 0:00:02]} f5 {[%emt 0:00:16]} 19. a5 $146 {[%emt 0:00:09]} ({Predecessor:} 19. Bd2 Nf6 20. exf5 gxf5 21. Rfe1 Kh8 22. Rad1 c6 23. dxc6 {½-½ (43) Flecher,J (1804)-Graziani,M (2191) ICCF email 2010}) 19... f4 {[%emt 0:00:07]} 20. Bd2 {[%emt 0:00:05]} Nf6 {[%emt 0:00:03]} 21. b4 {[%emt 0:00:08]} g5 {[%emt 0:00:14]} 22. Qe2 {[%emt 0:00:31]} Ng6 {[%emt 0:00:16]} 23. Bg4 {[%emt 0:00:20]} Nxg4 {[%emt 0:00:50]} 24. Qxg4 {[%emt 0:00:05]} Qe8 {[%emt 0:00:05]} 25. Qxg5 {[%emt 0:00:05]} Bf6 {[%emt 0:00:05]} 26. Qh5 {[%emt 0:01:07]} Kh8 {[%emt 0:00:06]} 27. Kh1 {[%emt 0:00:00]} Qd7 {[%emt 0:00:29]} 28. Qg4 {[%emt 0:01:46]} Qg7 {[%emt 0:00:31]} 29. Ne2 $16 {[%emt 0:00:40]} Rg8 {[%emt 0:00:14]} 30. Rg1 {[%emt 0:00:16]} Raf8 {[%emt 0:00:14]} 31. Ra3 {[%emt 0:00:12]} Qh6 {[%emt 0:00:05]} 32. Ng3 {[%emt 0:00:05]} Nh4 {[%emt 0:00:00] [#]} 33. Qh5 $1 {[%emt 0:00:11]} Qg7 {[%emt 0:00:12]} 34. Nf5 {[%emt 0:00:05]} Nxf5 {[%emt 0:00:05]} 35. Qxf5 {[%emt 0:00:05]} Bh4 {[%emt 0:00:05]} 36. Qg4 {[%emt 0:00:15]} Qxg4 {[%emt 0:00:02]} 37. hxg4 {[%emt 0:00:05]} Bxf2 {[%emt 0:00:00]} 38. Rf1 {[%emt 0:00:00]} Bg3 {[%emt 0:00:05]} 39. Rc3 {[%emt 0:00:05]} Rxg4 {[%emt 0:00:05]} 40. Rxc7 {[%emt 0:00:05]} Rf6 {[%emt 0:00:05]} 41. Rf3 {[%emt 0:00:05]} Rh6+ {[%emt 0:00:05]} 42. Kg1 {[%emt 0:00:04]} Rgh4 {[%emt 0:00:15]} 43. Rc8+ {[%emt 0:00:09]} Kg7 {[%emt 0:00:05]} 44. Rxg3+ {[%emt 0:00:05]} fxg3 {[%emt 0:00:05]} 45. Rc7+ {[%emt 0:00:05]} Kg6 {[%emt 0:00:05]} 46. Bxh6 {[%emt 0:00:00]} Rxe4 {[%emt 0:00:06]} 47. Bd2 {[%emt 0:00:00]} Re2 {[%emt 0:00:02]} 48. Bc3 {[%emt 0:00:24]} Rxc2 {[%emt 0:00:05]} 49. Kf1 {[%emt 0:00:05]} Kf5 {[%emt 0:00:00]} 50. Ke1 {[%emt 0:00:09]} Rxg2 {[%emt 0:00:08]} 51. Rxb7 {[%emt 0:00:02]} Rg1+ {[%emt 0:00:14]} 52. Kd2 {[%emt 0:00:05]} h5 {[%emt 0:00:05]} 53. b5 {[%emt 0:00:02]} axb5 {[%emt 0:00:05]} 54. a6 {[%emt 0:00:05]} Rg2+ {[%emt 0:00:05]} 55. Kd3 {[%emt 0:00:05]} Ra2 {[%emt 0:00:05]} 56. a7 {[%emt 0:00:05]} h4 {[%emt 0:00:00]} 57. Bd2 {[%emt 0:00:08]} g2 {[%emt 0:00:00]} 58. Be3 {[%emt 0:00:05]} h3 {[%emt 0:00:12]} 59. Rf7+ {[%emt 0:00:12]} Kg6 {[%emt 0:00:05]} 60. Rf8 {[%emt 0:00:05]} Kg7 {[%emt 0:00:05]} 61. Rf5 {[%emt 0:00:05]} Kg6 {[%emt 0:00:05]} 62. Rf8 {[%emt 0:00:05]} Kg7 {[%emt 0:00:00]} 63. Rf5 {[%emt 0:00:00]} Kg6 {[%emt 0:00:15]} 64. Rf8 {[%emt 0:00:00]} Kg7 {[%emt 0:00:00]} 65. Rf5 {[%emt 0:00:00]} h2 {[%emt 0:00:02]} 66. Rg5+ {[%emt 0:00:00]} Kf6 {[%emt 0:00:05]} 67. Rxg2 {[%emt 0:00:00]} h1=Q {[%emt 0:00:03]} 68. Rxa2 {[%emt 0:00:01]} Qxd5+ {[%emt 0:00:02]} 0-1